000 00652nam a2200229 i 4500
001 9973
003 ES-MaACL
005 20230906145808.0
007 t|
008 940706s1971 xxk ||||1| eng d
020 _a0-14-018538-0
080 _a82-311.3"19"
080 _a82(Greene,G.7 C.01)
100 1 _aGreene, Graham.
_959856
245 1 4 _aThe Confidential agent /
_cGraham Greene.
260 _aLondon [etc.] :
_bPenguin Books,
_c1971.
300 _a206 p. ;
_c20 cm.
490 1 _aPenguin twentieth-century classics
830 0 _aPenguin twentieth-century classics
_9178617
852 _aES-MaACL
_jL-17520
_bR.121802
999 _c9973
_d9973